000 00488nam a22001577a 4500
003 OSt
008 260417b |||||||| |||| 00| 0 eng d
082 _a581.2326
_bO30S
100 _aOJha, Pawan Kumar
245 _aStudies on Integrated Disease Management of Turcicum Leaf Blight of Maize caused by Exserohilum Turcicum (Pass.) Leonard & Suggs.
260 _aPusa, Samastipur
_bRAU, Pusa
_c2001
300 _a40P.
502 _bMsc.
_d2001
650 _aPlant Pathology
942 _2ddc
_cT
999 _c50082
_d50082